[Event "Canadian zt"]
[Site "Toronto"]
[Date "2024.03.31"]
[Round "7"]
[White "Liu, Zachary Hankun"]
[Black "Campbell, Ryan"]
[Result "1/2-1/2"]
[WhiteElo "1910"]
[BlackElo "2064"]
[PlyCount "94"]
[EventDate "2024.03.27"]
[EventType "team-swiss"]
[EventRounds "10"]
[EventCountry "CAN"]
[SourceTitle "CB15_2024"]
[SourceDate "2024.04.10"]
[SourceVersion "1"]
[SourceVersionDate "2024.04.10"]
[SourceQuality "1"]

1. c4 e6 2. g3 d5 3. Bg2 Nf6 4. Nf3 d4 5. 0-0 Be7 6. d3 Nc6 7. e3 e5 8. Re1 dxe3 9. Bxe3 Ng4 10. Nc3 0-0 11. d4 exd4 12. Nxd4 Nxe3 13. Nxc6 Nxd1 14. Nxd8 Nxc3 15. Rxe7 Rxd8 16. bxc3 c6 17. Bf3 Kf8 18. Re3 Be6 19. c5 Rdc8 20. Rb1 Rc7 21. Rb2 Bc4 22. Kg2 Re8 23. Rxe8+ Kxe8 24. Bg4 g6 25. f4 Re7 26. Kf2 Kd8 27. Rb4 Bd5 28. a3 Kc7 29. Rd4 Re8 30. Bh3 b6 31. cxb6+ axb6 32. f5 Ra8 33. c4 Ra4 34. Rh4 Rxc4 35. Rxh7 gxf5 36. Bxf5 Rc3 37. g4 Rxa3 38. h4 Kd6 39. h5 Ra8 40. h6 Ke5 41. Rg7 Be6 42. h7 Bxf5 43. gxf5 Rh8 44. Rxf7 Kf4 45. Rb7 b5 46. Rc7 Kxf5 47. Rxc6 Rxh7 1/2-1/2

[Event "Canadian zt"]
[Site "Toronto"]
[Date "2024.03.30"]
[Round "6"]
[White "Campbell, Ryan"]
[Black "Malakar, Saarthak"]
[Result "1-0"]
[WhiteElo "2064"]
[BlackElo "1964"]
[PlyCount "97"]
[EventDate "2024.03.27"]
[EventType "team-swiss"]
[EventRounds "10"]
[EventCountry "CAN"]
[SourceTitle "CB15_2024"]
[SourceDate "2024.04.10"]
[SourceVersion "1"]
[SourceVersionDate "2024.04.10"]
[SourceQuality "1"]

1. d4 d5 2. c4 c6 3. Nc3 Nf6 4. e3 a6 5. Qc2 e6 6. Nf3 Bd6 7. b3 Nbd7 8. Be2 0-0 9. 0-0 e5 10. cxd5 cxd5 11. dxe5 Nxe5 12. Bb2 Nc6 13. Rfd1 Be6 14. Rac1 Rc8 15. Qb1 Qe7 16. Bf1 Ba3 17. h3 Bxb2 18. Qxb2 b5 19. Ne2 Nb8 20. b4 Nbd7 21. Ned4 Nb6 22. Qb3 Ne4 23. Bd3 Nc4 24. Ra1 Bd7 25. Bxe4 dxe4 26. Nd2 Nxd2 27. Rxd2 Rc4 28. a3 Rfc8 29. Qd1 Qg5 30. Kh1 Qh4 31. Kh2 g5 32. Nb3 Bf5 33. g4 Be6 34. Nc5 Qh6 35. Rd8+ Kg7 36. Rxc8 Bxc8 37. Ra2 Qc6 38. Rd2 a5 39. Rd6 Qc7 40. Qa1+ Kf8 41. Qh8+ Ke7 42. Qe5+ Kf8 43. Kg2 axb4 44. axb4 Rxb4 45. Qh8+ Ke7 46. Qf6+ Ke8 47. Rc6 Qd8 48. Rxc8 Kf8 49. Rxd8# 1-0

[Event "Canadian zt"]
[Site "Toronto"]
[Date "2024.03.29"]
[Round "4"]
[White "Campbell, Ryan"]
[Black "Marin, Sam"]
[Result "1/2-1/2"]
[WhiteElo "2064"]
[BlackElo "2036"]
[PlyCount "93"]
[EventDate "2024.03.27"]
[EventType "team-swiss"]
[EventRounds "10"]
[EventCountry "CAN"]
[SourceTitle "CB15_2024"]
[SourceDate "2024.04.10"]
[SourceVersion "1"]
[SourceVersionDate "2024.04.10"]
[SourceQuality "1"]

1. d4 d5 2. c4 Nc6 3. Nc3 Nf6 4. Nf3 Bg4 5. Bf4 Bxf3 6. gxf3 e6 7. e3 Bd6 8. Bg5 h6 9. Bxf6 Qxf6 10. cxd5 exd5 11. Nxd5 Qg5 12. Nc3 0-0-0 13. f4 Bxf4 14. h4 Qg6 15. Qf3 Bd6 16. 0-0-0 Bb4 17. Ne4 Ne7 18. Kb1 f5 19. Ng3 f4+ 20. Bd3 Qb6 21. Qxf4 Nd5 22. Qg4+ Kb8 23. Ne4 Bc3 24. Qe2 Rhe8 25. Rc1 Bxd4 26. exd4 Nf4 27. Qf3 Nxd3 28. Qxd3 Rxd4 29. Qc3 Rexe4 30. Rhg1 Rg4 31. Rxg4 Rxg4 32. Qf3 Qg6+ 33. Ka1 b6 34. Qf8+ Kb7 35. Qf3+ c6 36. a3 Rxh4 37. Re1 Qf6 38. Qb3 Rf4 39. Re6 Qd4 40. Qc2 c5 41. Qe2 Rxf2 42. Re7+ Kc6 43. Qe6+ Kb5 44. Qb3+ Ka6 45. a4 Qb4 46. Qd3+ c4 47. Rxa7+ 1/2-1/2

[Event "Canadian op"]
[Site "Calgary"]
[Date "2023.07.30"]
[Round "10"]
[White "Ng, Gary"]
[Black "Campbell, Ryan"]
[Result "0-1"]
[WhiteElo "2213"]
[BlackElo "2064"]
[PlyCount "144"]
[EventDate "2023.07.22"]
[EventType "swiss"]
[EventRounds "10"]
[EventCountry "CAN"]
[SourceTitle "CBM 215 Extra"]
[Source "ChessBase"]
[SourceDate "2023.09.30"]
[SourceVersion "1"]
[SourceVersionDate "2023.09.30"]
[SourceQuality "1"]

1. Nf3 d5 2. e3 Nf6 3. c4 e6 4. Nc3 Be7 5. b3 0-0 6. Bb2 dxc4 7. bxc4 c5 8. d4 cxd4 9. exd4 Qa5 10. Bd3 Ba3 11. Qb3 Bxb2 12. Qxb2 b6 13. 0-0 Bb7 14. Ne5 Nc6 15. Nxc6 Bxc6 16. Rae1 Rfd8 17. Re5 Qa6 18. Rd1 Qb7 19. f3 Rd7 20. Qf2 Rad8 21. Qh4 h6 22. Ne2 a6 23. Rb1 Qa7 24. Qf2 Qc7 25. Qe3 Rb8 26. Nc3 Qd6 27. Rd1 Rbd8 28. d5 exd5 29. cxd5 Bb7 30. Na4 b5 31. Nc5 Rc7 32. Nxb7 Rxb7 33. Qd4 Kf8 34. Bc2 Qb6 35. Kf2 Qxd4+ 36. Rxd4 Rbd7 37. Bb3 Rd6 38. Re2 a5 39. a3 Rc8 40. Rd3 Nd7 41. Ba2 Nc5 42. Rdd2 Na4 43. Rc2 Nc3 44. Ke1 b4 45. axb4 axb4 46. Bb3 Ra8 47. Red2 Ra1+ 48. Kf2 Rb1 49. Rb2 Rxb2 50. Rxb2 Ke7 51. Ke3 Rb6 52. Kd4 Kd6 53. Rd2 Nb5+ 54. Kc4 Na3+ 55. Kd4 Rb8 56. Rb2 Rc8 57. Ba2 f5 58. Kd3 Rc3+ 59. Ke2 Kc5 60. Bb3 Nb5 61. Kf2 Nd4 62. Ba4 b3 63. Kg3 Kxd5 64. Kf4 g5+ 65. Kg3 Kc4 66. h4 Kb4 67. Bd7 Rc2 68. Rb1 b2 69. hxg5 hxg5 70. Rd1 Ne2+ 71. Kh2 Rc1 72. Rd5 b1Q 0-1

[Event "Canadian op"]
[Site "Calgary"]
[Date "2023.07.25"]
[Round "5"]
[White "Campbell, Ryan"]
[Black "Zhang, Michelle1111"]
[Result "1-0"]
[WhiteElo "2064"]
[BlackElo "1772"]
[PlyCount "55"]
[EventDate "2023.07.22"]
[EventType "swiss"]
[EventRounds "10"]
[EventCountry "CAN"]
[SourceTitle "EXT 2024"]
[Source "ChessBase"]
[SourceDate "2023.10.10"]
[SourceVersion "1"]
[SourceVersionDate "2023.10.10"]
[SourceQuality "1"]

1. e4 c6 2. d4 d5 3. e5 Bf5 4. Nf3 e6 5. Be2 Nd7 6. 0-0 Ne7 7. c3 Bg6 8. a4 Nf5 9. a5 h5 10. Nbd2 c5 11. dxc5 Bxc5 12. b4 Be7 13. a6 b6 14. Qa4 0-0 15. Bb5 Nb8 16. Bb2 Qc7 17. c4 Rd8 18. Nb3 Nd7 19. cxd5 Qc2 20. Rfc1 Qxb2 21. Ra2 Qxc1+ 22. Nxc1 Rac8 23. Ne2 Nxe5 24. Nxe5 Rxd5 25. Nxg6 fxg6 26. Bd7 Nd4 27. Bxc8 Nxe2+ 28. Rxe2 1-0